A Basílica de São Pedro e as Basílicas papais de Roma (Record no. 44784)
[ view plain ]
| 000 -Etiqueta do registo | |
|---|---|
| Valores | 00476nam a2200181 4500 |
| 100 ## - Dados gerais de processamento | |
| Dados gerais | 20250918 pory50 |
| 101 ## - Língua de publicação | |
| Língua | por |
| -- | it |
| 102 ## - País de publicação | |
| País | PT |
| 200 ## - Titulo e menção de responsabilidade | |
| Título próprio | A Basílica de São Pedro e as Basílicas papais de Roma |
| Primeira menção de responsabilidade | dir. Laura Allievi , Cosetta Lagani |
| 210 ## - Publicação | |
| Nome do editor | Festa do Cinema italiano .com |
| 215 ## - Descrição física | |
| Paginação / Volumes | 1 DVD |
| 225 ## - Colecção | |
| Título próprio da colecção | A grande Arte no Cinema |
| 300 ## - Notas gerais | |
| Texto da nota | M/12<br/>90 m. |
| 675 ## - CDU | |
| Notação | 7 |
| 801 ## - Fonte de origem | |
| País | PT |
| Regras de catalogação | RPC |
| 990 ## - Elementos KOHA | |
| Tipo de documento | Filme DVD |
| Aquisição | Empréstimo | Código de barras | Cota | Permissão de empréstimo | Tipo de documento | Nota relativa ao exemplar |
|---|---|---|---|---|---|---|
| Biblioteca Escolar Doutor Hernâni Cidade | Biblioteca Escolar Doutor Hernâni Cidade | 80943 | DOC ART | Filme DVD | 480 Documentário sobre as Basílicas Papais de Roma |